| 000 | 00728nam a2200229 4500 | ||
|---|---|---|---|
| 001 | 113946 | ||
| 003 | DR-UNIBE | ||
| 005 | 20250819091130.0 | ||
| 008 | 250725b2011 dr ||||| |||| 00| 0 spa d | ||
| 020 | _a9789945477061 | ||
| 040 |
_aBIBLIOTECA UNIBE _cBIBLIOTECA UNIBE _erda _bspa |
||
| 041 | _aspa | ||
| 082 | _aF-RD 6006 | ||
| 110 | 2 |
_aRepública Dominicana. _bSuprema Corte de Justicia _98757 |
|
| 245 | 1 | 0 |
_aMonitor de la gestión judicial penal : _b2005-2009 |
| 260 |
_a[Lugar de publicación no identificado] : _bPodel Judiacial, _c2011 |
||
| 300 |
_a49 páginas : _btablas, gráficas |
||
| 650 | 7 |
_2lemb _aJusticia |
|
| 650 | 7 |
_2lemb _aAdministración de justicia |
|
| 650 | 7 |
_2lemb _aTribunales |
|
| 942 |
_2ddc _cMX |
||
| 999 |
_c113946 _d113946 |
||